| 000 | 01259nam0a22003011 4500 | ||
|---|---|---|---|
| 001 | rc\1782349 | ||
| 005 | 20260406121131.0 | ||
| 035 | _a(NLR Aleph) 005286957 | ||
| 090 |
_a6152958 _c6152957 |
||
| 100 | _a20061204d1911 |||y0rusy50 ca | ||
| 101 | 0 | _arus | |
| 102 | _aRU | ||
| 105 | _ay z ||||| | ||
| 200 | 1 |
_aАфанасий Афанасьевич Фет (Шеншин) _eЕго жизнь и соч. _eСб. ист.-лит. ст. _fСост. В. [И.] Покровский |
|
| 205 | _a2-е изд., доп. | ||
| 210 |
_aМосква _cтип. Г. Лисснера и Д. Собко _d1911 |
||
| 215 |
_a[4], 100 с. _d22 |
||
| 532 | 1 | 3 | _aАфанасий Афанасьевич Фет Шеншин |
| 700 | 1 |
_4220 _8rus _7ca _aПокровский _bВ. И. _f19 в. _cисторик литературы _gВасилий Иванович _3RU\NLR\AUTH\7750855 _933789 |
|
| 702 | 1 |
_4570 _8rus _7ca _aФет _bА. А. _f1820-1892 _gАфанасий Афанасьевич _3RU\NLR\AUTH\77505 _9110554 |
|
| 801 | 0 |
_aRU _bNLR _c20061204 _gpsbo |
|
| 801 | 0 |
_aRU _bRuMoRGB _c20061204 _2psbo |
|
| 801 | 1 |
_aRU _bProSoft-M _c20061204 _2rusmarc |
|
| 801 | 2 |
_aRU _bNLR _c20130306 _2rusmarc |
|
| 852 |
_aNLR _j37.30.3.17 |
||
| 852 |
_aNLR _bМф _jК1/24109 |
||
| 942 | _cBOOK | ||
| 980 | _aNB | ||